000 00290nam a22001337a 4500
008 170712b xxu||||| |||| 00| 0 eng d
020 _a9781853263507
041 _aeng
080 _a038
100 _a23
101 _aENC
245 _aDICTIONARY OF ANAGRAMS
_cCURL,M
942 _2udc
_cBK
999 _c20288
_d20288